Recull d'opuscles de tema Sentmenatenc
Descripción Física:
[94] p. : il. ; 24 cm
Colección:
Facsímils ; 2
Otros Autores:
Societat Coral Obrera La Glòria Sentmenatenca
Materias:
Sentmenat -- Reculls d'escrits
MARC
| LEADER | 00000nam a2200000Ia 4500 | ||
|---|---|---|---|
| 001 | 12660 | ||
| 008 | 160829s1987 xx 000 0 cat d | ||
| 080 | |a H-1-294 | ||
| 245 | |a Recull d'opuscles de tema Sentmenatenc | ||
| 260 | |a Sentmenat : |b Societat Coral Obrera La Glòria Sentmenatenca, |c 1987 | ||
| 300 | |a [94] p. : |b il. ; |c 24 cm | ||
| 490 | |a Facsímils ; 2 | ||
| 590 | |a Amb la col·laboració de la Caixa de Sabadell | ||
| 650 | |a Sentmenat |x Reculls d'escrits |9 34065 | ||
| 700 | |a Societat Coral Obrera La Glòria Sentmenatenca |9 34066 | ||
| 901 | |a Arxiu | ||
| 942 | |n 1 | ||
| 952 | |0 0 |1 0 |4 0 |6 H1294 |7 1 |9 46373 |a Arxiu |b Arxiu |d 2016-12-01 |l 0 |o H-1-294 |p 12660 |r 2016-12-01 00:00:00 |w 2016-12-01 |y ARXIU | ||
| 999 | |c 50158 |d 50158 | ||